|
|
|
|
| LEADER |
00000naa2a2200000 4500 |
| 001 |
241720 |
| 005 |
20251217140141.0 |
| 035 |
|
|
|a (RuTPU)RU\TPU\book\263007
|
| 035 |
|
|
|a RU\TPU\book\263002
|
| 090 |
|
|
|a 241720
|
| 100 |
|
|
|a 20130819d2013 k y0rusy50 ba
|
| 101 |
0 |
|
|a eng
|
| 102 |
|
|
|a RU
|
| 135 |
|
|
|a drcn ---uucaa
|
| 200 |
1 |
|
|a Environmental and health effects of radium
|f E. A. Semendeeva
|
| 215 |
|
|
|a 1 файл(276 Кб)
|
| 225 |
1 |
|
|a Nuclear technologies as integral part of engineering sciencein the modern world
|
| 300 |
|
|
|a Заглавие с экрана
|
| 320 |
|
|
|a [Библиогр.: с. 102 (5 назв.)]
|
| 330 |
|
|
|a The word "radium" comes from the Latin radius - "ray," so that the name of this element literallytranslates as "radiant." In my report I would like to clarify about environmental and health effects of radium. What is the radium? Whether it is safe for humans? And dose, that hitting us in the body can cause a variety of diseases?
|
| 337 |
|
|
|a Adobe Reader
|
| 463 |
|
1 |
|0 (RuTPU)RU\TPU\book\258133
|t Методология проектирования молодежного научно-инновационного пространства для российской энергетики
|l Strategy design of youth science and innovation environment for modern engineer training
|o сборник научных трудов Международной молодежной научной школы, г. Томск, 27 - 29 марта 2013 г.
|f Национальный исследовательский Томский политехнический университет (ТПУ)
|v [С. 100-102]
|d 2013
|
| 610 |
1 |
|
|a электронный ресурс
|
| 610 |
1 |
|
|a труды учёных ТПУ
|
| 700 |
|
1 |
|a Semendeeva
|b E. A.
|
| 801 |
|
1 |
|a RU
|b 63413507
|c 20101016
|
| 801 |
|
2 |
|a RU
|b 63413507
|c 20220328
|g RCR
|
| 856 |
4 |
|
|u http://www.lib.tpu.ru/fulltext/c/2013/C07/025.pdf
|
| 942 |
|
|
|c CF
|